| 000 | 00874nam a2200277 i 4500 | ||
|---|---|---|---|
| 001 | 75157 | ||
| 003 | ES-MaACL | ||
| 005 | 20250815085327.0 | ||
| 007 | t| | ||
| 008 | 040922s1976 sp ||||1| spa d | ||
| 020 | _a84-323-0228-7 | ||
| 100 | 1 |
_aGraham, Loren R. _959522 |
|
| 245 | 1 | 0 |
_aCiencia y filosofía en la Unión Soviética / _cpor Loren R. Graham ; [traducción de Máximo Cajal]. |
| 250 | _a1ª ed. | ||
| 260 |
_a[Madrid] : _bSiglo Veintiuno de España, _c1976. |
||
| 300 |
_a323 p. ; _c21 cm. |
||
| 490 | 1 | _aCiencia y técnica | |
| 504 | _aBibliografía: p.: 297-323. | ||
| 650 |
_aCiencia- _zURSS. _910966 |
||
| 650 | 4 |
_aFilosofía- _zURSS. _912828 |
|
| 650 | 7 |
_aMaterialismo dialéctico _2embne _914849 |
|
| 700 | 1 |
_aCajal, Máximo. _933496 |
|
| 830 | 1 | 0 |
_aCiencia y técnica _9177702 |
| 852 |
_aES-MaACL _jA-6088 |
||
| 999 |
_c75157 _d75157 |
||